| 000 | 01569nam a22002417a 4500 | ||
|---|---|---|---|
| 008 | 240205s2016 xxk|||||o|||| 00| 0 eng d | ||
| 041 | _aeng | ||
| 110 | _aRoyal Institution of Chartered Surveyors | ||
| 245 |
_aThe implications of land issues for climate resilient informal settlements in Fiji and Papua New Guinea _h[Electronic resource] |
||
| 260 |
_aLondon, _bRICS Resesarch Trust, _cMarch 2016 |
||
| 300 | _a66p. | ||
| 490 | _aRICS Research | ||
| 520 | _a This project aimed to understand the implications of land issues for the climate resilience of informal settlements in Fiji and PNG. A related aim was to better understand the implications of decisions about resettlement of informal settlements. Findings from the research are intended to inform people in the land and property sector about existing land issues and the complexity of resettlement in the context of land tenure arrangements, and the issues that need to be addressed in the process of resettlement in order to protect the rights of people in informal settlements, and improve their abilities to adapt to current climate variability and future climate change. | ||
| 650 | _aCLIMATE CHANGE | ||
| 650 | _aLAND USE | ||
| 650 | _aRESETTLEMENT | ||
| 651 | _aFiji | ||
| 651 | _aPapua New Guinea | ||
| 690 |
_96251 _aLand use |
||
| 710 | _aRoyal Institution of Chartered Surveyors | ||
| 856 |
_uhttps://www.propertyresearchtrust.org/uploads/1/3/4/8/134819607/land_issues_fiji_and_papua_new_guinea.pdf _zAvailable free via Property Research Trust |
||
| 942 | _n0 | ||
| 999 |
_c121791 _d121791 |
||